MDQL
is popping MORE tags! Check the
thread
!
Quizzes
Events
Quiz Creation
Community
Videos
Private Events
Remove Ads
Sign In
Join for FREE
Feedback
Dark Mode
Quiz Categories
Sports
Geography
Music
Movies
Television
Just For Fun
Miscellaneous
History
Literature
Language
Science
Gaming
Entertainment
Religion
Holiday
For Kids
Quiz Lab
Recent
Popular Today
Quiz Kudos Today
Editor Picks
Curator Picks
Quizzes by...
Day
Popularity
Type
Ratings
Length
Year
Community
Subscriptions
Recent Discussions
Orange Saloon
Badges
Playlists
Quests
Create
Leaderboards
Showdown
Live 5
Trivia Bingo
Activity
Puzzle Library
Sporcle Events
Private Events
Virtual Trivia
Globe League
Become a Host
Pub Owners
SporcleCon
Opinionation
Our Games
Videos
Blog
Mobile Apps
Partnerships
Remove Ads and Go Orange
Feedback
Geography
Country
Landmarks
City
State
Population
World
Capital
Continent
Flags
Europe
Africa
Asia
South America
North America
Oceania
Border
Canada
United Kingdom
Topography
United States
Geography
Country
Landmarks
City
State
Population
World
Capital
Continent
Flags
Europe
Africa
Asia
South America
North America
Oceania
Border
Canada
United Kingdom
Topography
United States
Random Quiz
Search Sporcle
×
Quiz Lab
Quiz Lab
Geography
Asia
Select answers by clicking on text or image buttons
Select answers by clicking on text or image buttons
Clickable
Best Score? Go Orange.
Administrative Divisions of Asia that Begin with H Stats
Can you pick the Administrative Divisions of Asia that Begin with H?
By
vanderbizzle2014
9m
37 Questions
61 Plays
61 Plays
61 Plays
Comments
Comments
Give Quiz Kudos
Give Quiz Kudos
-
- Ratings
hide this ad
Forced Order
Answers have to be entered in order
Answers have to be entered in order
Replay
Link that replays current quiz
Next Quiz
Link to next quiz in quiz playlist
You Got
0%
They Got
Avg Score
77%
Avg Friend Score
Upgrade to see
Score Distribution
Jump to the score distribution portion of the page
Score
0/37
Timer
09:00
0
Plays Today
% Correct
Hong Kong
93.4%
Hubei
93.4%
Hainan
91.8%
Heilongjiang
91.8%
Himachal Pradesh
91.8%
Hunan
90.2%
Hebei
88.5%
Henan
88.5%
Herat
86.9%
Hokkaido
86.9%
Ha Giang
86.9%
Hai Duong
86.9%
Hai Phong
86.9%
Ha Nam
86.9%
Ha Noi
86.9%
Ha Tinh
86.9%
Hau Giang
86.9%
Ho Chi Minh
86.9%
Haryana
85.2%
% Correct
Hoa Binh
85.2%
Hiroshima
83.6%
Helmand
82%
Hung Yen
82%
Hormozgan
73.8%
Haifa
73.8%
Hyogo
73.8%
Homs
70.5%
Houaphan
68.9%
Hama
68.9%
Hatay
67.2%
Hamadan
59%
Hadramaut
59%
Hakkari
55.7%
Hajjah
50.8%
Ha'il
47.5%
Haa
39.3%
Hawalli
34.4%
Quiz Playlist
Details
Report
Send in Message
Add To Playlist
Clickable:
Select answers by clicking on text or image buttons
Forced Order:
Answers have to be entered in order
Last Updated: Feb 16, 2017
Quiz Scoreboard
CHALLENGE
Sign Up to Join the Scoreboard
Show All
Scores
Hide
Comments
May contain spoilers
Recently Published
Image Sorting: Flags VI
by Barbecue
Geography
2m
Find the 'City' Movie
by crazypaving
Movies
60s
Colored Red Africa Blitz
by spor1
Geography
45s
More to Explore
Quiz From the Vault
Featured Blog Post
14 Easter Pick-up Lines to Find Eggs With
hide this ad
You Might Also Like...
Tags
Asia Quiz
Administrative
Begins With
Division
Letter H
region
Starts With
Today's Top Quizzes in Geography
Browse Geography
hide this ad
Today's Top Quizzes in Asia
Browse Asia
Top Contributed Quizzes in Geography
1
Colored Red Europe Blitz I
2
Countries of the World - No Outlines Minefield
3
Colored Red Africa Blitz II
4
Colored Red Europe Blitz II
5
Colored Red Europe Blitz III
6
Colored Red Africa Blitz III
7
Colored Red States Blitz I
8
A Different View: World Oceans
9
Colored Red States Blitz II
10
Colored Red States Blitz III
Explore More
Trending Topics
Crossword
Marvel
Disney
NBA
Kpop
Harry Potter
Anime
WWE
Country
Song
Soccer
Pokémon
Puzzle
NFL
The Office
hide this ad
More By:
vanderbizzle2014
Quiz
Plays
Rating
Category
Featured
Created
300 Largest Cities in the World (Agglomerations)
6,664
4.88
Geography
Jul 22, 2019
Western Roman Provinces circa 400 CE
1,214
4.70
History
Jun 2, 2016
Monarchs of Europe: Germany and Italy
1,135
5.00
History
Mar 2, 2019
Eastern Roman Provinces circa 400 CE
1,105
4.86
History
Jun 2, 2016
Monarchs of Europe: British Isles
1,093
5.00
History
Feb 26, 2019
Go to Creator's Profile
Score Distribution
Quiz Creator Spotlight
vanderbizzle2014
Follow
Send a Message
Quizzes Created
-
Created Quiz Play Count
-
More By This Creator
Popular Quizzes Today
1
Colored Red Africa Blitz
2
Find the US States - No Outlines Minefield
3
Find the 'City' Movie
4
5x2 Blitz: Bands
5
The Countries of the World
6
Find the US States
7
Find the Countries of Europe - No Outlines Minefield
8
US States
More Geography Quizzes
World Cities Logic Puzzle
Curator's Pick
Trending Quizzes
Colored Red Europe Blitz I
Colored Red Europe Blitz II
Colored Red Africa Blitz II
Colored Red Europe Blitz III
Colored Red Africa Blitz III
Recently Updated
How Do You Spell That?
pecheneg
Godzilla Movies
pecheneg
Grab Bag: 4-10 Letters
pecheneg
2024 March Madness Bracket
pecheneg
Famous TV Couples
Peacemaker
Champions League XIs: Real Madrid
pecheneg
Largest US Cities 1790-2010
pecheneg
Rides in Walt Disney World
pecheneg
Most Oscar Losses (Acting)
pecheneg
Beyoncé Albums
pecheneg
Trending Topics
Crossword
Disney
NBA
Kpop
Harry Potter
Anime
Marvel
Song
WWE
Puzzle
Pokémon
The Office
Soccer
NFL
Country
Your Account Isn't Verified!
In order to create a playlist on Sporcle, you need to verify the email address you used during registration. Go to your
Sporcle Settings
to finish the process.
Report this User
Report this user for behavior that violates our
Community Guidelines
.
Details:
Send Report
Go to the Sporcle.com Mobile Site →
Comments